Rubber based nanocomposites: Some recent examples (Record no. 67471)

MARC details
000 -LEADER
fixed length control field 00652nam a2200241Ia 4500
100 ## - MAIN ENTRY--AUTHOR NAME
Personal name Bhowmick A K
245 #0 - TITLE STATEMENT
Title Rubber based nanocomposites: Some recent examples
260 ## - PUBLICATION, DISTRIBUTION, ETC. (IMPRINT)
Name of publisher Kautschuk Gummi Kunststoffe
Year of publication 2010
300 ## - PHYSICAL DESCRIPTION
Number of Pages 192-196
650 ## - SUBJECT ADDED ENTRY--TOPICAL TERM
Topical Term Morphology-property relationship
650 ## - SUBJECT ADDED ENTRY--TOPICAL TERM
Topical Term Nanocomposites
650 ## - SUBJECT ADDED ENTRY--TOPICAL TERM
Topical Term Physico-mechanical properties
650 ## - SUBJECT ADDED ENTRY--TOPICAL TERM
Topical Term Polymer filler interaction
700 ## - ADDED ENTRY--PERSONAL NAME
Personal name Basak G C
700 ## - ADDED ENTRY--PERSONAL NAME
Personal name Bhattacharya M
700 ## - ADDED ENTRY--PERSONAL NAME
Personal name Choudhury A
700 ## - ADDED ENTRY--PERSONAL NAME
Personal name George J J
700 ## - ADDED ENTRY--PERSONAL NAME
Personal name Kumar K D
700 ## - ADDED ENTRY--PERSONAL NAME
Personal name Maji P K
700 ## - ADDED ENTRY--PERSONAL NAME
Personal name Mitra S
942 ## - ADDED ENTRY ELEMENTS (KOHA)
Koha item type Journals
Holdings
Withdrawn status Lost status Damaged status Not for loan Home library Current library Shelving location Date acquired Serial Enumeration / chronology Koha item type
      Journals RRII Library RRII Library Rubber technology 21/01/2011 Volume 63, Issue 5 Journals